000 00494nam a2200181Ia 4500
003 GCL
008 140319s9999 xx 000 0 eng d
040 _aGCL /
_cGCL
082 0 4 _a672.32
_bG H
100 1 _aGINZBURG, VLADIMIR B.
245 1 0 _aHIGH - QUALITY STEEL ROLLING: THEORY AND PRACTICE /
_cGINZBURG, VLADIMIR B.
700 1 _aBALLAS, ROBERT
260 _a[S.N] :
_bMarcel Dekker, inc. ،
_c1993
300 _a816 P
650 0 4 _aSTEEL WORK
650 0 4 _aROLLING
942 _2ddc
_cBK
999 _c25160
_d25160